00634 2200229 4500001002100000005001500021035002000036007000300056008004100059082000800100084001400108100001700122245009900139250001000238260004000248300002900288650003100317700001600348504001600364990001200380990001200392INLIS00000000001744320241016083025 a0010-1024000171ta241016 g 0 ind  a507 a507 FIR u0 aFIRTH,Rachel1 aUsborne Ensiklopedia Pertama Terhubung Internet Sains /cRachel firth;alih bahasa,;D.sihombing acet.2 ajakarta :bGading Inti Prima,c2010 a64 hlm. :bilus ;c28 cm 4aSAINS-STUDI DAN PENGAJARAN0 aD,Sihombing abibliografi a11775 a a11775 b